000 00244nam a2200109Ia 4500
008 231212s1967 xx 000 0 und d
041 _aeng
082 _a621.381
100 _aOguta
245 _aModern Control
260 _aDelhi
_bMcGrowh
_c1967
999 _c958684
_d958684